Statistics for 2013 New York Mets Roster

Click here to take the quiz!

General Stats

  • This quiz has been taken 150 times
    (143 since last reset)
  • The average score is 11 of 41

Answer Stats

PitcherAnswer% Correct
NODavid Wright
96%
NODaniel Murphy
78%
YESMatt Harvey
77%
NOLucas Duda
72%
NOIke Davis
63%
NORuben Tejada
56%
YESJonathon Niese
50%
YESDillon Gee
46%
NOJuan Lagares
45%
YESJeurys Familia
42%
YESZack Wheeler
40%
NOJohn Buck
38%
YESBobby Parnell
35%
NOEric Young Jr.
28%
YESJenrry Mejia
28%
NOAnthony Recker
26%
NOMarlon Byrd
26%
NOJustin Turner
24%
YESJeremy Hefner
21%
NOMike Baxter
21%
NOOmar Quintanilla
21%
YESCarlos Torres
19%
YESJosh Edgin
18%
YESScott Rice
17%
NOJosh Satin
15%
YESLaTroy Hawkins
14%
NOCollin Cowgill
13%
NOKirk Nieuwenhuis
13%
YESShaun Marcum
13%
NOAndrew Brown
12%
NOJordany Valdespin
12%
YESBrandon Lyon
10%
NORick Ankiel
8%
YESScott Atchison
8%
YESRobert Carson
7%
NOZach Lutz
7%
YESGonzalez Germen
6%
YESGreg Burke
5%
YESAaron Laffey
4%
YESCollin McHugh
4%
YESDavid Aardsma
4%

Score Distribution

Percentile by Number Answered

Percent of People with Each Score

Your Score History

You have not taken this quiz since the last reset